Una red de distribución subterránea
Guardado en:
| Hovedforfatter: | |
|---|---|
| Format: | Bog |
| Udgivet: |
[San José , Costa Rica]
1983
|
| Tags: |
Tilføj Tag
Ingen Tags, Vær først til at tagge denne postø!
|
MARC
| LEADER | 00000nam a2200000Ia 4500 | ||
|---|---|---|---|
| 003 | 002202 | ||
| 005 | 20221231144416.0 | ||
| 008 | 140114s1983 cr a m 000 ||s d | ||
| 040 | |c cru CEDI | ||
| 090 | |a TFG 1397 | ||
| 100 | |a Chinchilla Mora, Henry |9 15178 | ||
| 245 | |a Una red de distribución subterránea | ||
| 260 | |c 1983 |a [San José , Costa Rica] | ||
| 300 | |a 13[18] hojas :ilustraciones | ||
| 500 | |a A la Cabeza de la portada. Universidad de Costa Rica. Facultad de Ingeniería. Escuela de Ingeniería Eléctrica. | ||
| 942 | |c TFG | ||
| 999 | |c 21458 |d 21458 | ||
